LEADER 01369cam0-2200385---450- 001 990004202550403321 005 20090713122529.0 010 $a2-85036-005-8 035 $a000420255 035 $aFED01000420255 035 $a(Aleph)000420255FED01 035 $a000420255 100 $a19990604e19781690km-y0itay50------ba 101 0 $afre 102 $aFR 105 $ay---e---000yy 200 1 $a<>dictionnaire universel$fd' Antoine Furetière$gpréface par Pierre Bayle$gillustré par Callot, Abraham Bosse et les plus grands graveurs du XVII siècle choisis par Claude Helft$gprécédé d'une biographie de son auteur et d'une analyse de l'ouvrage par Alain Rey$esuivi d'une biographe, d'un index thèmatique, et d'un index des principaux auteurs cités 205 $aRipr. facs. 210 $aParis$cLe Robert$d1978 215 $a3 v.$d31 cm 324 $aRipr. facs. dell'ed.: La Haye et Rotterdam, 1690 676 $a443 700 1$aFuretière,$bAntoine$f<1620-1688>$0390997 702 1$aBayle,$bPierre 702 1$aBosse,$bAbraham 702 1$aCallot,$bJacques 702 1$aHelft,$bClaude 702 1$aRey,$bAlain 801 0$aIT$bUNINA$gRICA$2UNIMARC 901 $aBK 912 $a990004202550403321 952 $a443 FUR 1(1-3)$bBibl.56567$fFLFBC 959 $aFLFBC 996 $aDictionnaire universel$9483538 997 $aUNINA LEADER 01556nam2-2200481li-450- 001 990000129440203316 005 20100218130022.0 010 $a88-204-6657-0 035 $a0012944 035 $aUSA010012944 035 $a(ALEPH)000012944USA01 035 $a0012944 100 $a19930513d1991----km-y0itay50------ba20001109d1991----km-y0itay0103----ba 101 0 $aita 102 $aIT 105 $a||||||||001yy 200 1 $a<> ragione del piano$eGiovanni Astengo e l'urbanistica italiana$fscritti di F. Berlanda ... [et al.]$gInediti di Giovanni Astengo a cura di Francesco Indovina 210 $aMilano$cFranco Angeli$dcopyr. 1991 215 $a384 p.$d22 cm 225 2 $aStudi urbani e regionali$v59 410 0$10010012945$aStudi urbani e regionali$12001 454 1$12001 461 1$1001-------$12001 606 0 $aUrbanistica$yNapoli$2BNCF 676 $a711.0924 702 1$aINDOVINA,$bFrancesco 702 1$aASTENGO,$bGiovanni 702 1$aBERLANDA,$bFranco 801 0$aSistema bibliotecario di Ateneo dell' Università di Salerno$bsalbc$gRICA 912 $a990000129440203316 951 $a711.092 RAG$b0001729 951 $aIII UR IND 1$b8155 DBC$cIII UR 959 $aBK 969 $aTEC 969 $aDBC 979 $c19930513 979 $c20001110$lUSA01$h1711 979 $c20020403$lUSA01$h1620 979 $aPATRY$b90$c20040406$lUSA01$h1610 979 $aDBC$b90$c20100120$lUSA01$h1315 979 $aDBC$b90$c20100218$lUSA01$h1300 996 $aRagione del piano$9881311 997 $aUNISA LEADER 03897nam 22009375 450 001 9910973285503321 005 20240312103503.0 010 $a1-281-36876-8 010 $a9786611368760 010 $a1-4039-8060-8 024 7 $a10.1057/9781403980601 035 $a(CKB)1000000000342600 035 $a(EBL)307719 035 $a(OCoLC)647536950 035 $a(SSID)ssj0000133258 035 $a(PQKBManifestationID)11145740 035 $a(PQKBTitleCode)TC0000133258 035 $a(PQKBWorkID)10045154 035 $a(PQKB)11239961 035 $a(DE-He213)978-1-4039-8060-1 035 $a(Au-PeEL)EBL307719 035 $a(CaPaEBR)ebr10135642 035 $a(CaONFJC)MIL136876 035 $a(Perlego)3496885 035 $a(MiAaPQ)EBC307719 035 $a(EXLCZ)991000000000342600 100 $a20151212d2005 u| 0 101 0 $aeng 135 $aur|n|---||||| 181 $ctxt 182 $cc 183 $acr 200 10$aCuba's Military 1990-2005 $eRevolutionary Soldiers During Counter-Revolutionary Times /$fby H. Klepak 205 $a1st ed. 2005. 210 1$aNew York :$cPalgrave Macmillan US :$cImprint: Palgrave Macmillan,$d2005. 215 $a1 online resource (353 p.) 225 1 $aStudies of the Americas 300 $aDescription based upon print version of record. 311 08$a1-349-53336-X 311 08$a1-4039-7202-8 320 $aIncludes bibliographical references (p. [315]-332) and index. 327 $aCover; Contents; Acknowledgments; Avant Propos; Chapter 1 Mambises Still? The Revolutionary Tradition in the Cuban Armed Forces; Chapter 2 The FAR up to the Special Period, 1959-1990: The Third World's Most Impressive Armed Force?; Chapter 3 The Blows: The FAR Alone in a Cruel World; Chapter 4 "The Proof is in the Pudding": The FAR and the Economy; Chapter 5 The FAR and the United States: Confidence Building in Limited but Important Sectors; Chapter 6 Cuba, the FAR, and Other Countries: Has the Search for Friends Brought Results?; Chapter 7 The Context for the FAR at Home-Malaise sans fin? 327 $aChapter 8 The FAR and the Politics of "No Transition": But Who Else?Chapter 9 The Military Defense of Cuba: But Can the FAR still Deter?; Chapter 10 Conclusion; Notes; Bibliography; Index 330 $aThis book is the first examination of the Cuban military in the context of Cuba's political and economic challenges in the aftermath of the collapse of the USSR - and therefore of Soviet economic, political and psychological support. It provides important historical and political contexts of the development and engagement of the military. 410 0$aStudies of the Americas 606 $aAmerica$xPolitics and government 606 $aInternational relations 606 $aMilitary history 606 $aEthnology$zLatin America 606 $aCulture 606 $aAmerica$xHistory 606 $aPolitical science 606 $aAmerican Politics 606 $aInternational Relations 606 $aMilitary History 606 $aLatin American Culture 606 $aHistory of the Americas 606 $aPolitical Science 615 0$aAmerica$xPolitics and government. 615 0$aInternational relations. 615 0$aMilitary history. 615 0$aEthnology 615 0$aCulture. 615 0$aAmerica$xHistory. 615 0$aPolitical science. 615 14$aAmerican Politics. 615 24$aInternational Relations. 615 24$aMilitary History. 615 24$aLatin American Culture. 615 24$aHistory of the Americas. 615 24$aPolitical Science. 676 $a327.7291 676 $a355.0097291/09049 700 $aKlepak$b H. P$01201875 801 0$bMiAaPQ 801 1$bMiAaPQ 801 2$bMiAaPQ 906 $aBOOK 912 $a9910973285503321 996 $aCuba's Military 1990-2005$94334943 997 $aUNINA